Macau International Airport Destinations (Taipa, Macau) - Statistics

General Stats
  • This quiz has been taken 98 times
    44 since last reset
  • The average score is 27 of 42
Answer Stats
Airline Destination % Correct
Thai AirAsia/Thai Lion Air Bangkok (Don Mueang)
94%
Air Macau/Thai VietJet Air Bangkok (Suvarnabhumi)
94%
Air Macau Beijing (Capital)
94%
Air Macau/China Eastern Airlines/China Southern Airlines Beijing (Daxing)
94%
Air Macau/Vietnam Airlines Hanoi
94%
Air Macau/China Eastern Airlines/Shanghai Airlines Shanghai (Hongqiao)
94%
Air Macau/China Eastern Airlines/Juneyao Air/Shanghai Airlines/Spring Airlines Shanghai (Pudong)
94%
Cebu Pacific/Philippines AirAsia Manila
91%
Air Macau/EVA Air/Starlux Airlines/Tigerair Taiwan Taipei (Taoyuan)
91%
Air Macau/XiamenAir Xiamen
91%
Air Macau/Jeju Air/Jin Air/Korean Air Seoul (Incheon)
88%
Air Macau/Scoot Singapore
88%
Air Macau Tokyo (Narita)
88%
Air Busan Busan
85%
AirAsia/Air Macau Kuala Lumpur (International)
85%
Air Macau Chengdu (Tianfu)
82%
Jeju Air Jeju
82%
Air China Wuhan
82%
Air Macau Chongqing
79%
Air Macau Osaka (Kansai)
76%
China Eastern Airlines Xi'an
76%
Air Macau/XiamenAir Fuzhou
70%
Air Macau/XiamenAir Hangzhou
70%
Air Macau Jakarta (Soekarno-Hatta)
70%
Cambodia Airways/Sky Angkor Airlines Phnom Penh
70%
Air Macau/VietJet Air Da Nang
67%
Air Macau/China Eastern Airlines/Shenzhen Airlines Nanjing
64%
Air Macau/EVA Air/Tigerair Taiwan Kaohsiung
58%
Air Macau Nanning
55%
Hainan Airlines Haikou
52%
Air Macau Qingdao
52%
Air Macau/Tigerair Taiwan Taichung
48%
Air Macau Wenzhou
45%
Bamboo Airways/VietJet Air Nha Trang
42%
China Eastern Airlines Hefei
33%
Air Macau Ningbo
27%
China Eastern Airlines/Shenzhen Airlines Wuxi
24%
Air Macau Guiyang
18%
XiamenAir Quanzhou
18%
Air Macau Changzhou
9%
Shenzhen Airlines Nantong
9%
AirAsia Tawau
6%
No matching quizzes found
Score Distribution
Percent of People with Each Score
Percentile by Number Answered
Your Score History
You have not taken this quiz since the last reset